000 00288nam a2200121 a 4500
005 20140414131923.0
008 101023s19uu xx 00 eng d
050 _aER
_bUg6 199?
100 _a
245 _aThe ugly duckling.
260 _aTokyo :
_bFroebel-Kan,
_c199?.
999 _c111843
_d111843